| 000 | 00659nam a2200169Ia 4500 | ||
|---|---|---|---|
| 003 | LDD | ||
| 008 | 190117s9999 xx 000 0 und d | ||
| 020 | _c₹30 | ||
| 040 | _cLDD | ||
| 041 | _ahi | ||
| 082 | _a8H3.7009 सु 4834 हि | ||
| 100 | _aसुधीर कुमार | ||
| 245 | 0 |
_aहिन्दी साहित्य का इतिहास _b परिप्रेक्ष्य और प्रवृतियाँ (आदिकाल, भक्तिकाल, रीतिकाल) _cसुधीर कुमार |
|
| 260 |
_aदिल्ली _bनचिकेता _c1986 |
||
| 300 | _a130प्र. | ||
| 942 |
_2ddc _cH |
||
| 999 |
_c174515 _d174515 |
||